000 01077cam a2200277 i 4500
003 SA-RiAUC
005 20250916120533.0
008 250913s2004 jo g b 00000 ara c
040 _aJAZAN
_bara
_cSA-RiAUC
_erda
082 0 4 _a245
_qSA-RiAUC
090 _a245
_bم ح م
100 1 _aمحمد، يوسف عارف الحاج
_eمؤلف.
245 1 2 _aالميزان بين السنة والشيعة /
_cيوسف عارف الحاج محمد.
250 _aالطبعة الأولى.
264 1 _aإربد، الأردن :
_bعالم الكتب الحديث للنشر والتوزيع،
_c2004
300 _a389 صفحة ؛
_c24 سم
336 _aنص
_btxt
_2rdacontent
_3كتاب
337 _aبدون وسيط
_bn
_2rdamedia
338 _aمجلد
_bnc
_2rdacarrier
504 _aيشتمل على إرجاعات ببليوجرافية.
650 7 _aالفرق الإسلامية
_2aucsh
650 7 _aأهل السنة
_2aucsh
650 7 _aالشيعة (فرقة إسلامية)
_2aucsh
942 _2ddc
_cBOOK
_n0
949 _aSA-JeALM
_d250913
_umohamedma123
_n1
999 _c11808
_d11808